| 000 | 01026nam a2200253 a 4500 | ||
|---|---|---|---|
| 001 | 000044797 | ||
| 005 | 20240229073944.0 | ||
| 008 | 110823s2014 dr ac 000 0 spa d | ||
| 020 | _a9789993467830 | ||
| 040 |
_aDO-SdBNP _bspa _cBNPHU |
||
| 082 |
_a338.4766359097293 _bC531r |
||
| 100 | 1 |
_aChez Checo, José, _d1949- _910145 |
|
| 245 | 1 | 3 |
_aEl ron en la historia dominicana : _bsiglos XX y XXI / _cJosé Chez Checo. |
| 260 |
_aSansto Domingo : _bBúho, _c2014. |
||
| 300 |
_a2v. : _bil., retrs. ; _c26 cm. |
||
| 500 | _aIncluye referencias bibliográficas y notas al pie de las páginas | ||
| 500 | _aLa biblioteca posee el v.2 | ||
| 505 | 0 |
_gv.1. _tDesde los antecedentes hasta finales del siglo XX _gv.2. _tSiglos XX y XXI. |
|
| 590 | _aInventariado, 2019/MFF | ||
| 650 | 4 |
_aRon _zRepública Dominicana _ySIGLO XX _958861 |
|
| 650 | 4 |
_aRon _zRepública Dominicana _ySIGLO XXI _958862 |
|
| 650 | 4 |
_aIndustria azucarera _xProductos derivados _zRepública Dominicana _xHistoria _958863 |
|
| 910 | _aValidado. Control de calidad MFF | ||
| 999 |
_c44286 _d44286 |
||